| 000 | 00453nam a2200169Ia 4500 | ||
|---|---|---|---|
| 005 | 20250508155542.0 | ||
| 008 | 008 250505s9999 xx 000 0 eng d | ||
| 037 | _aTextual | ||
| 040 |
_aFEDL _beng _cFEDL |
||
| 041 |
_aeng _2eng |
||
| 084 |
_a915.0952, JAP _qFEDL |
||
| 245 | 0 | _aJapan of today | |
| 260 |
_aJapan _bMinistry of Foreign Affairs _c1967 |
||
| 300 | _a91p. | ||
| 942 |
_cTEXL _h915.0952, JAP |
||
| 999 |
_c1357686 _d1357686 |
||